| 000 | 00937pam a2200301 i 4500 | ||
|---|---|---|---|
| 999 |
_c43482 _d43482 |
||
| 001 | 018339333 | ||
| 003 | Uk | ||
| 005 | 20180921112357.0 | ||
| 008 | 170503s2017 enk b 000|0|eng|d | ||
| 015 |
_aGBB780607 _2bnb |
||
| 020 | _a9781783682775 | ||
| 020 | _z9781783682799 | ||
| 020 | _z | ||
| 100 | 1 |
_aDas, Rupen, _eauthor. |
|
| 245 | 1 | 0 |
_aStrangers in the kingdom : _bministering to refugees, migrants and the stateless / _cRupen Das, Brent Hamoud. |
| 260 |
_aCarlisle : _bLangham Global Library, _cc2017. |
||
| 300 |
_axxv, 116 p. ; _c23 cm. |
||
| 336 | _atext | ||
| 337 | _aunmediated | ||
| 338 | _avolume | ||
| 500 |
_aFormerly CIP. _5Uk. |
||
| 504 | _aIncludes bibliographical references. | ||
| 530 | _aAlso issued online. | ||
| 650 | 0 | _aEmigration and immigration in the Bible. | |
| 650 | 0 |
_aRefugees _xBiblical teaching. |
|
| 700 | 1 |
_aHamoud, Brent, _eauthor. |
|
| 942 |
_2lcc _cBK |
||